A los pobres se les anuncia el evangelio?
সংরক্ষণ করুন:
| প্রধান লেখক: | |
|---|---|
| বিন্যাস: | গ্রন্থ |
| ভাষা: | স্প্যানিশ |
| প্রকাশিত: |
Bogotá
CELAM
1972
|
| মালা: | Colección Ipla, 11
|
| বিষয়গুলি: | |
| ট্যাগগুলো: |
ট্যাগ যুক্ত করুন
কোনো ট্যাগ নেই, প্রথমজন হিসাবে ট্যাগ করুন!
|
MARC
| LEADER | 00000nam a2200000 a 4500 | ||
|---|---|---|---|
| 001 | UCL3944 | ||
| 003 | CL-VaPUC | ||
| 008 | 031219e19720100CK |||||||||||||||||spa|d | ||
| 082 | 0 | 4 | |a 266 |b GAL |2 21 |
| 100 | |a Galilea, Segundo |e author |9 584097 | ||
| 245 | 1 | 0 | |a A los pobres se les anuncia el evangelio? |
| 300 | |a 88 p | ||
| 942 | |c BK | ||
| 945 | |d 20031219 00:00:00 |a vberengu | ||
| 260 | |a Bogotá |b CELAM |c 1972 | ||
| 650 | 7 | |a EVANGELIZACION |2 CL-VaPUC |9 481382 | |
| 650 | 0 | |a Teología pastoral |9 257832 | |
| 583 | |a last modification |c 20031219 00:00:00 |k Rodrigo Vera | ||
| 490 | 0 | |a Colección Ipla, 11 | |
| 999 | |c 306908 |d 306906 | ||
| 952 | |0 0 |1 0 |4 0 |6 266_000000000000000_GAL_1972 |7 0 |8 A |9 372335 |a BIBTEO |b BIBTEO |d 2019-11-21 |i 2097893 |o 266 GAL 1972 |p 2097893 |r 2025-01-17 |w 2019-11-21 |y BK |k ICR | ||